NBA Defensive Player of the Year (DPOY) - Statistiques

Statistiques générales
  • Ce quiz a été pris 4 375 fois
    207 depuis la dernière actualisation
  • Le résultat moyen est 27 sur 44
Statistiques - réponses
Saison Joueur Position Nationalité Équipe % Correct
2017-2018 Rudy Gobert Pivot Flag_of_France_%281976%E2%80%932020%29.svg Française Jazz de l'Utah
98%
2018-2019 Rudy Gobert Pivot Flag_of_France_%281976%E2%80%932020%29.svg Française Jazz de l'Utah
98%
2020-2021 Rudy Gobert Pivot Flag_of_France_%281976%E2%80%932020%29.svg Française Jazz de l'Utah
98%
2023-2024 Rudy Gobert Pivot Flag_of_France_%281976%E2%80%932020%29.svg Française Timberwolves du Minnesota
98%
2025-2026 Victor Wembanyama Pivot Flag_of_France_%281976%E2%80%932020%29.svg Française Spurs de San Antonio
97%
2012-2013 Marc Gasol Pivot Flag_of_Spain.svg Espagnole Grizzlies de Memphis
87%
2019-2020 Giánnis Antetokoúnmpo Ailier fort Flag_of_Greece.svg Grecque Bucks de Milwaukee
86%
2016-2017 Draymond Green Ailier fort Flag_of_the_United_States_%28Pantone%29.svg Américaine Warriors de Golden State
85%
2013-2014 Joakim Noah Pivot Flag_of_France_%281976%E2%80%932020%29.svg Française Bulls de Chicago
84%
2024-2025 Evan Mobley Ailier fort Flag_of_the_United_States_%28Pantone%29.svg Américaine Cavaliers de Cleveland
79%
2014-2015 Kawhi Leonard Ailier Flag_of_the_United_States_%28Pantone%29.svg Américaine Spurs de San Antonio
79%
2015-2016 Kawhi Leonard Ailier Flag_of_the_United_States_%28Pantone%29.svg Américaine Spurs de San Antonio
79%
1992-1993 Hakeem Olajuwon Pivot Flag_of_Nigeria.svg Nigériane Rockets de Houston
76%
1993-1994 Hakeem Olajuwon Pivot Flag_of_Nigeria.svg Nigériane Rockets de Houston
76%
2022-2023 Jaren Jackson Jr. Ailier fort Flag_of_the_United_States_%28Pantone%29.svg Américaine Grizzlies de Memphis
73%
1987-1988 Michael Jordan Arrière Flag_of_the_United_States_%28Pantone%29.svg Américaine Bulls de Chicago
71%
2008-2009 Dwight Howard Pivot Flag_of_the_United_States_%28Pantone%29.svg Américaine Magic d'Orlando
68%
2009-2010 Dwight Howard Pivot Flag_of_the_United_States_%28Pantone%29.svg Américaine Magic d'Orlando
68%
2010-2011 Dwight Howard Pivot Flag_of_the_United_States_%28Pantone%29.svg Américaine Magic d'Orlando
68%
2021-2022 Marcus Smart Meneur Flag_of_the_United_States_%28Pantone%29.svg Américaine Celtics de Boston
68%
2001-2002 Ben Wallace Pivot Flag_of_the_United_States_%28Pantone%29.svg Américaine Pistons de Détroit
63%
2002-2003 Ben Wallace Pivot Flag_of_the_United_States_%28Pantone%29.svg Américaine Pistons de Détroit
63%
2004-2005 Ben Wallace Pivot Flag_of_the_United_States_%28Pantone%29.svg Américaine Pistons de Détroit
63%
2005-2006 Ben Wallace Pivot Flag_of_the_United_States_%28Pantone%29.svg Américaine Pistons de Détroit
63%
1994-1995 Dikembe Mutombo Pivot Flag_of_Zaire_%281971%E2%80%931997%29.svg Zaïroise Nuggets de Denver
63%
1996-1997 Dikembe Mutombo Pivot Flag_of_Zaire_%281971%E2%80%931997%29.svg Zaïroise Hawks d'Atlanta
63%
1997-1998 Dikembe Mutombo Pivot Flag_of_the_Democratic_Republic_of_the_Congo_%281997%E2%80%932006%29.svg Congolaise Hawks d'Atlanta
63%
2000-2001 Dikembe Mutombo Pivot Flag_of_the_Democratic_Republic_of_the_Congo_%281997%E2%80%932006%29.svg Congolaise 76ers de Philadelphie
63%
1991-1992 David Robinson Pivot Flag_of_the_United_States_%28Pantone%29.svg Américaine Spurs de San Antonio
60%
2007-2008 Kevin Garnett Ailier fort Flag_of_the_United_States_%28Pantone%29.svg Américaine Celtics de Boston
59%
1989-1990 Dennis Rodman Ailier fort Flag_of_the_United_States_%28Pantone%29.svg Américaine Pistons de Détroit
56%
1990-1991 Dennis Rodman Ailier fort Flag_of_the_United_States_%28Pantone%29.svg Américaine Pistons de Détroit
56%
1995-1996 Gary Payton Meneur Flag_of_the_United_States_%28Pantone%29.svg Américaine SuperSonics de Seattle
54%
1998-1999 Alonzo Mourning Pivot Flag_of_the_United_States_%28Pantone%29.svg Américaine Heat de Miami
34%
1999-2000 Alonzo Mourning Pivot Flag_of_the_United_States_%28Pantone%29.svg Américaine Heat de Miami
34%
1985-1986 Alvin Robertson Arrière Flag_of_the_United_States_%28Pantone%29.svg Américaine Spurs de San Antonio
27%
2003-2004 Ron Artest Ailier Flag_of_the_United_States_%28Pantone%29.svg Américaine Pacers de l'Indiana
26%
2011-2012 Tyson Chandler Pivot Flag_of_the_United_States_%28Pantone%29.svg Américaine Knicks de New York
26%
1984-1985 Mark Eaton Pivot Flag_of_the_United_States_%28Pantone%29.svg Américaine Jazz de l'Utah
19%
1988-1989 Mark Eaton Pivot Flag_of_the_United_States_%28Pantone%29.svg Américaine Jazz de l'Utah
19%
2006-2007 Marcus Camby Pivot Flag_of_the_United_States_%28Pantone%29.svg Américaine Nuggets de Denver
14%
1982-1983 Sidney Moncrief Arrière Flag_of_the_United_States_%28Pantone%29.svg Américaine Bucks de Milwaukee
12%
1983-1984 Sidney Moncrief Arrière Flag_of_the_United_States_%28Pantone%29.svg Américaine Bucks de Milwaukee
12%
1986-1987 Michael Cooper Arrière/Ailier Flag_of_the_United_States_%28Pantone%29.svg Américaine Lakers de Los Angeles
11%
Aucun quiz correspondant
Distribution des résultats
% des personnes avec chaque résultat
Percentile par nombre de réponses
Votre historique - résultats
Vous n’avez pas pris ce quiz depuis la dernière actualisation